| 000 | 01816nam a2200325 i 4500 | ||
|---|---|---|---|
| 003 | EG-GICUC | ||
| 005 | 20260428155504.0 | ||
| 008 | 260428s2007 ua |||fr|||| 00| 0 ara d | ||
| 017 | _a3123/2007 | ||
| 040 |
_a EG-GICUC _bara _c EG-GICUC _d EG-GICUC _erda |
||
| 041 | 0 | _aAra | |
| 082 | 0 | 4 |
_221 _a343.307 _bم ج . م |
| 092 | 0 | 4 | _221 |
| 099 | _aLaw1 10 343.307 م ج . م 2007 | ||
| 100 | 0 |
_aمجدى محمود محب حافظ _eمؤلف. |
|
| 245 | 1 | 2 |
_aالموسوعة الجمركية : _bجريمة التهريب الجمركي - الجرائم والمخالفات الجمركية الإجراءات الجمركية وفقاً لأحدث التعديلات في قانون الجمارك وفي ضوء اللائحة التنفيذية لقانون الجمارك رقم ١٠ لسنة ٢٠٠٦ وفي ضوء الفقه وأحكام النقض وأحكام المحكمة الإدارية العليا وأحكام المحكمة الدستورية العليا. _nالجزء الثانى، _pالأحكام الإجرائية لجريمة التهريب الجمركي / _cتأليف دكتور مجدى محمود محب حافظ. |
| 264 | 1 |
_aالقاهرة : _bدار العدالة، _c2007. |
|
| 300 |
_a769 - 1566 ؛صفحة _c24 سم. _bإيضاحيات، صور، مثيليات ؛ |
||
| 336 |
_2rda content _atext |
||
| 337 |
_2rda media _aComputer |
||
| 338 |
_2rda carrier _aOnline Resource |
||
| 504 | _a. 240-220 ببليوجرافيا: صفحات. | ||
| 546 | _aالنص باللغة العربية | ||
| 650 | 1 |
_aقانون الإجراءات الجنائية _xأحكام النقض _2qrmak |
|
| 650 | 1 |
_aالقانون الجنائى _2qrmak |
|
| 651 | 1 | _2qrmak | |
| 856 | 4 | 0 | _uhttps://fll.law.cu.edu.eg/fulltext/bks/B10-10771.pdf |
| 905 | _a54 | ||
| 942 |
_2ddc _cBK _e21 _n0 |
||
| 999 |
_c73931 _d73931 |
||